Гибель дворцов (Запись № 2673013)

Подробности
000 -МАРКЕР
контрольное поле 01893nam0a2200385 i 4500
001 - ИДЕНТИФИКАТОР ЗАПИСИ
контрольное поле RU\NLR\bibl\1882154
005 - ИДЕНТИФИКАТОР ВЕРСИИ
контрольное поле 20260405230837.0
010 ## - МЕЖДУНАРОДНЫЙ СТАНДАРТНЫЙ НОМЕР КНИГИ (ISBN)
Номер (ISBN) 9785937680472
035 ## - ДРУГИЕ СИСТЕМНЫЕ НОМЕРА
Идентификатор записи (nilc)LIBNET\0000167232
035 ## - ДРУГИЕ СИСТЕМНЫЕ НОМЕРА
Идентификатор записи (NLR Aleph) 001871914
100 ## - ДАННЫЕ ОБЩЕЙ ОБРАБОТКИ
Данные общей обработки 20111006d2011 u y0rusy50 ca
101 0# - ЯЗЫК РЕСУРСА
Язык текста, звукозаписи и т.д. русский
-- английский
102 ## - СТРАНА ПУБЛИКАЦИИ ИЛИ ПРОИЗВОДСТВА
Страна публикации российская федерация
105 ## - ПОЛЕ КОДИРОВАННЫХ ДАННЫХ: ТЕКСТОВЫЕ МАТЕРИАЛЫ, МОНОГРАФИЧЕСКИЕ
Кодированные данные о монографическом текстовом документе a |||||||||
200 1# - ЗАГЛАВИЕ И СВЕДЕНИЯ ОБ ОТВЕТСТВЕННОСТИ
Основное заглавие Гибель дворцов
Параллельное заглавие Palaces destroyed
Сведения, относящиеся к заглавию нацистская оккупация Ленинградской области в 1941-1944 годах
-- [фотоальбом]
Первые сведения об ответственности Баир Иринчеев, Денис Жуков
Язык параллельного заглавия английский
210 ## - ПУБЛИКАЦИЯ, РАСПРОСТРАНЕНИЕ И ДР.
Место издания, распространения и т.д. Санкт-Петербург
Имя издателя, распространителя и т. д. Аврора-дизайн
Дата издания, распространения и т.д. 2011
215 ## - ФИЗИЧЕСКАЯ ХАРАКТЕРИСТИКА
Специфическое обозначение материала и объем 63 с.
Другие сведения о физической характеристике ил.
Размеры 26
225 1# - СЕРИЯ
Основное заглавие серии 1941: забытые кадры
Параллельное заглавие серии 1941: Forgotten images
Язык параллельного заглавия английский
300 ## - ОБЩИЕ ПРИМЕЧАНИЯ
Текст примечания Авт. также на англ. яз.: Bair Irincheev, Denis Zhukov
300 ## - ОБЩИЕ ПРИМЕЧАНИЯ
Текст примечания Текст парал. на рус. и англ. яз.
510 1# - ПАРАЛЛЕЛЬНОЕ ЗАГЛАВИЕ
Связь между полями z17790
Параллельное заглавие Palaces destroyed
Язык заглавия английский
606 1# - НАИМЕНОВАНИЕ ТЕМЫ КАК ПРЕДМЕТ
Наименование темы Памятники искусства и старины
Формальный подзаголовок Фотоальбомы
Тематический подзаголовок Разрушение и похищение немецкими захватчиками в СССР
Географический подзаголовок Ленинградская область
Хронологический подзаголовок 1941 - 1944
Системный номер авторитетной/нормативной записи 2326212
Идентификатор авторитетной/нормативной записи RU\NLR\auth\661391377
686 1# - ИНДЕКСЫ ДРУГИХ КЛАССИФИКАЦИЙ
Индекс Щ101.3(2)-1я6
700 #1 - ИМЯ ЛИЦА - ПЕРВИЧНАЯ ОТВЕТСТВЕННОСТЬ
Код отношения Автор
Материалы, к которым относится поле rus
Графика поля Кириллица
Начальный элемент ввода Иринчеев
Часть имени, кроме начального элемента ввода Б. К.
Даты 1977-
Расширение инициалов личного имени Баир Климентьевич
Идентификатор авторитетной/нормативной записи RU\NLR\AUTH\77104799
Системный номер авторитетной/нормативной записи 87724
701 #1 - ИМЯ ЛИЦА - АЛЬТЕРНАТИВНАЯ ОТВЕТСТВЕННОСТЬ
Начальный элемент ввода Жуков
Часть имени, кроме начального элемента ввода Д.
Расширение инициалов личного имени Денис
Код отношения Автор
790 #1 - ИМЯ ЛИЦА - АЛЬТЕРНАТИВНАЯ ФОРМА
Код отношения Автор
Материалы, к которым относится поле rus
Графика поля Латинская
Начальный элемент ввода Irinčeev
Часть имени, кроме начального элемента ввода B. K.
Даты 1977-
Расширение инициалов личного имени Bair Kliment'evič
Идентификатор авторитетной/нормативной записи RU\NLR\AUTH\77104804
Системный номер авторитетной/нормативной записи 87729
790 #1 - ИМЯ ЛИЦА - АЛЬТЕРНАТИВНАЯ ФОРМА
Связь между полями z17
Начальный элемент ввода Zukov
Часть имени, кроме начального элемента ввода D.
Расширение инициалов личного имени Denis
Код отношения Автор
801 #0 - ИСТОЧНИК ЗАПИСИ
Страна российская федерация
Организация ГПИБ России
Дата составления 20111006
Правила каталогизации rcr
801 #1 - ИСТОЧНИК ЗАПИСИ
Страна российская федерация
Организация ГПИБ России
Дата составления 20111006
Правила каталогизации rcr
Источник данных rusmarc
801 #2 - ИСТОЧНИК ЗАПИСИ
Страна российская федерация
Организация NLR
Дата составления 20120320
Правила каталогизации rcr
942 ## - ДОПОЛНИТЕЛЬНЫЕ ЭЛЕМЕНТЫ ЗАПИСИ (АБИС)
Тип экземпляра АБИС Книга
980 ## - КОЛЛЕКЦИЯ
Название коллекции НБР

Нет доступных экземпляров.